000 00713nam a22001697a 4500
999 _c20316
_d20316
008 240522b ||||| |||| 00| 0 eng d
020 _a9712706818
082 _aDFil 341.7257309599
_bB29 1997
245 _aThe bases talks reader :
_bkey documents of the 1990-91 philippine-american cooperation talks /
_cedited by Marita Castro-Guevara.
260 _aPasig City :
_bAnvil Publishing, Inc.,
_c©1997.
300 _axv, 497 pages :
_billustrations ;
_c23 cm.
500 _aIncludes bibliography.
650 _aMilitary bases, American
_zPhilippines.
_957222
650 _zPhilippines
_xForeign relations
_zUnited States.
_957223
650 _zUnited States
_zForeign relations
_xPhilippines.
_957224
942 _2ddc
_cDFIL